| 000 | 00371nam a2200133Ia 4500 | ||
|---|---|---|---|
| 008 | 210430s9999 xx 000 0 und d | ||
| 020 | _a9789332550421 | 9789332550421 | ||
| 082 | _a549 P426M | ||
| 100 |
_aPerkins, Dexter. _92088 |
||
| 245 |
_aMineralogy 3rd/ _cPerkins, Dexter. |
||
| 260 |
_aBoston : _bPrentice Hall, _c2015 |
||
| 300 | _ax, 494 p. : | ||
| 942 |
_cREF _2ddc |
||
| 999 |
_c565787 _d565787 |
||